000 00232nam a22000857a 4500
008 170612b xxu||||| |||| 00| 0 eng d
100 _93360
_aSingh. L
245 _aAwereness science for - VII
260 _aNew Delhi
_bChand Publication
_c2009
999 _c6698
_d6698